| 000 | 00787nam a2200229 i 4500 | ||
|---|---|---|---|
| 001 | 27952 | ||
| 003 | ES-MaACL | ||
| 005 | 20251121165506.0 | ||
| 007 | t| | ||
| 008 | 030115s1928 sp ||||1| spa d | ||
| 100 | 1 |
_aBabelon, Jean, _d1889-1978 _924413 |
|
| 245 | 1 | 0 |
_aHernán Cortés / _cJean Babelon ; traducción del francés por Angel Gamboa. |
| 260 |
_aMadrid : _b[s.n., _c1928] ( _fPueyo) |
||
| 300 |
_a273 p. ; _c20 cm. |
||
| 490 | 1 | _aLa novela de los grandes hombres | |
| 600 | 1 | 4 |
_aCortés, Hernán, _d1485-1547 _940853 |
| 651 | 4 |
_aMéxico- _xHistoria- _y1517-1521, Descubrimiento y conquista. _9136484 |
|
| 700 | 1 |
_aGamboa, Angel. _953762 |
|
| 830 | 0 |
_aLa novela de los grandes hombres _9181867 |
|
| 852 |
_aES-MaACL _jA-4677 _bR.16587 |
||
| 999 |
_c27952 _d27952 |
||